| 000 | 00931nam a22002057a 4500 | ||
|---|---|---|---|
| 003 | OSt | ||
| 005 | 20251128134054.0 | ||
| 008 | 251128b |||||||| |||| 00| 0 eng d | ||
| 040 | _cDCL | ||
| 082 | _a၂၉၄.၃၈၂၄ | ||
| 130 |
_aတိပိဋက။ _pအဘိဓမ္မာပိဋက။ _tပဥ္စပကရဏ၊ _lအဋ္ဌကထာ။ |
||
| 245 | _aပဥ္စပကရဏအဋ္ဌကထာ။ | ||
| 264 |
_aရန်ကုန် ၊ _bသာသနာရေးဦးစီး၊ _c၁၉၉၁။ |
||
| 300 |
_a၅၂၆ စာမျက်နှာ ၊ _c၂၅ စင်တီ။ |
||
| 650 |
_aပဥ္စပကရဏ _vအဋ္ဌကထာ။ |
||
| 650 |
_aဓာတုကထာ _vအဋ္ဌကထာ။ |
||
| 650 |
_aပုဂ္ဂလပညတ် _vအဋ္ဌကထာ။ |
||
| 650 |
_aကထာဝတ္ထု _vအဋ္ဌကထာ။ |
||
| 942 |
_2ddc _cSHORT TERM _n0 |
||
| 999 |
_c2647 _d2647 |
||